Responses for Show #3350 - Friday, March 12, 1999

Contestants

[<< previous game]

Dana Watrud, a language teacher from Eugene, Oregon

Erin Weller, a history teacher from Evanston, Illinois

Steve Latourette, a 3-D animator from Arlington, Virginia (whose 1-day cash winnings total $8,001)

[next game >>]

Jeopardy! Round responses

GREAT BRITS
A REAL PRINCE
FAMOUS ALMA MATERS
IF THEY MARRIED...
(Alex: For example, if country singer Parton married artist Salvador, she'd be Dolly Dali.)
EDs
TAILS
    $100 12
Arthur Sullivan

Dana
    $100 5
"The Prince and the Pauper"

Dana
    $100 4
Brigham Young University

Dana
    $100 1
(Alex: Now you've got the hang of it!)

Swoosie Swayze

Steve
    $100 21
Ed McMahon

Steve
    $100 26
Scorpion

Steve
    $200 13
Charles Darwin

Steve
    $200 6
"The Frog Prince"

Triple Stumper
    $200 14
Ole Miss (the University of Mississippi)

Dana
    $200 2
Oprah Chopra

Steve
    $200 22
(Alex: Minute to go.)

Ed Koch

Erin
    $200 27
Halley's Comet

Steve
    $300 18
Sir Isaac Newton

Steve
    $300 7
The Prince of Tides

Dana
    $300 15
New York University

Steve
    $300 3
Uma Camus

Dana
    $300 23
Ed Bradley

Steve
    $300 28
Peacock

Erin
    $400 19
Cecil Rhodes

Steve
    $400 8
the Spin Doctors

Erin
    $800 16
(Steve: What is Annapolis?)

U.S. Naval Academy

Steve
    $400 10
Jaclyn Hyde

Erin
    $400 24
Ed Wood

Erin
    $400 29
(Steve: Who is Mary?)
...
[The end-of-round signal sounds.]

Little Bo Peep

SteveDana
    $500 20
Benjamin Disraeli

Dana
    $500 9
Hal Prince

Erin
    $500 17
Cambridge

Dana
    $500 11
(Dana: Who is Whoopi Lorre?)
...
(Alex: And I get to say it!)

Whoopi Cushing

Dana
Triple Stumper
    $500 25
Ed McBain

Triple Stumper

Scores at the first commercial break (after clue 13):

Steve Erin Dana
$500 $1,300 $400

Scores at the end of the Jeopardy! Round:

Steve Erin Dana
$2,600 $2,200 $2,000

Double Jeopardy! Round responses

GEOGRAPHER'S DICTIONARY
BANDS BY THE NUMBER
ANTONYMS
LANGUAGES
HEADS
TALES
(Alex: This time, a different kind of tale.)
    $200 2
Erosion

Erin
    $200 16
Three Dog Night

Erin
    $200 11
Winter

Dana
    $200 1
India

Erin
    $200 21
(Steve: Who is Mitterrand?)

Jacques Chirac

SteveDana
    $400 3
Plates

Steve
    $400 17
Natalie Merchant

Erin
    $400 12
Surplus

Erin
    $400 7
French

Dana
    $400 22
Jean Chretien

Steve
    $600 4
Barrier reef

Erin
    $600 18
U2

Erin
    $600 13
Odd

Steve
    $600 8
Flemish

Dana
    $600 23
Hosni Mubarak (of Egypt)

Steve
    $800 5
(Steve: What is tundra?)

permafrost

Steve
Triple Stumper
    $800 19
Nine Inch Nails

Erin
    $800 14
come & go

Erin
    $800 9
English

Triple Stumper
    $800 24
(Dana: Who is d'Estaing?)
...
(Alex: With less than a minute to go.)

Hafez al-Assad (of Syria)

Dana
Triple Stumper
    $800 27
(Steve: What is...)
(Dana: What is The Golden Bough?)
[The end-of-round signal sounds.]

Cold Mountain

SteveDana
Triple Stumper
    $1000 6
Watershed

Triple Stumper
    $1000 20
(Steve: What is One Adam-12?)

CHiPs

Steve
Triple Stumper
    $1,000 15
(Erin: What are positive and negative?)

up & down

Erin
    $1000 10
White Russian

Erin
    $1000 25
(Dana: I rang in too soon... Taiwan... not Kim Il-sung?)

Jiang Zemin

Dana
Triple Stumper
    $1,000 26
Claudius

Steve

Scores at the end of the Double Jeopardy! Round:

Steve Erin Dana
$2,800 $6,400 $800
(lock game)

[wagering suggestions for these scores]

Final Jeopardy! Round responses

MOVIE QUOTES
DanaWhat is my name is?
$799
SteveWhat is "Call me Ishmael"?
$1,199
ErinWhat is I am Spartacus?
$600
"Bond, James Bond"

Final scores:

Steve Erin Dana
$1,601 $5,800 $1
2nd place: Trip to Israel with air travel provided by El Al New champion: $5,800 3rd place: Vivitar Sport Travel Kit

Game dynamics:

Coryat scores:

Steve Erin Dana
$2,400 $7,400 $800
16 R
(including 2 DDs),
5 W
16 R,
1 W
(including 1 DD)
13 R,
4 W

Combined Coryat: $10,600

[game clues] [game scores] [suggest correction]

Game tape date: Unknown
The J! Archive is created by fans, for fans. Scraping, republication, monetization, and malicious use prohibited; this site may use cookies and collect identifying information. See terms. The Jeopardy! game show and all elements thereof, including but not limited to copyright and trademark thereto, are the property of Jeopardy Productions, Inc. and are protected under law. This website is not affiliated with, sponsored by, or operated by Jeopardy Productions, Inc. Join the discussion at JBoard.tv.